One Los Angeles Lakers Player By Season - Statistics

General Stats
  • This quiz has been taken 2,870 times
    947 since last reset
  • The average score is 59 of 76
Answer Stats
Season Players Full List % Correct
2024-25 Luka Dončić | Austin Reaves | LeBron James | Anthony Davis | Rui Hachimura | Dorian Finney-Smith | D'Angelo Russell | Max Christie | Gabe Vincent | Jaxson Hayes | Dalton Knecht | Jordan Goodwin | Cam Reddish | Jarred Vanderbilt | Markieff Morris | Alex Len | Shake Milton | Trey Jemison | Christian Koloko | Armel Traoré | Jalen Hood-Schifino | Bronny James | Quincy Olivari | Maxwell Lewis
100%
2023-24 LeBron James | Anthony Davis | D'Angelo Russell | Austin Reaves | Taurean Prince | Rui Hachimura | Spencer Dinwiddie | Cam Reddish | Jarred Vanderbilt | Gabe Vincent | Christian Wood | Max Christie | Jaxson Hayes | D'Moi Hodge | Jalen Hood-Schifino | Skylar Mays | Colin Castleton | Alex Fudge | Dylan Windler | Maxwell Lewis | Harry Giles
100%
2022-23 LeBron James | Anthony Davis | Lonnie Walker IV | Austin Reaves | Dennis Schröder | Russell Westbrook | Patrick Beverley | Troy Brown Jr. | Thomas Bryant | Wenyen Gabriel | Max Christie | Kendrick Nunn | Juan Toscano-Anderson | Matt Ryan | Damian Jones | Scotty Pippen Jr. | Sterling Brown | Cole Swider | D'Angelo Russell | Jarred Vanderbilt | Malik Beasley | Rui Hachimura | Mo Bamba | Davon Reed
99%
2021-22 LeBron James | Anthony Davis | Russell Westbrook | Malik Monk | Carmelo Anthony | Talen Horton-Tucker | Isaiah Thomas | Avery Bradley | Stanley Johnson | Austin Reaves | Trevor Ariza | Wayne Ellington | Rajon Rondo | Dwight Howard | Kent Bazemore | DeAndre Jordan | Darren Collison | Chaundee Brown Jr. | Sekou Doumbouya | Jemerrio Jones | Jay Huff | Mason Jones | Wenyen Gabriel | D.J. Augustin | Mac McClung
98%
2020-21 LeBron James | Anthony Davis | Andre Drummond | Dennis Schröder | Montrezl Harrell | Marc Gasol | Kentavious Caldwell-Pope | Kyle Kuzma | Alex Caruso | Wesley Matthews | Markieff Morris | Talen Horton-Tucker | Kostas Antetokounmpo | Jared Dudley | Alfonzo McKinnie | Quinn Cook | Devontae Cacok | Ben McLemore | Damian Jones
98%
2019-20 LeBron James | Anthony Davis | Danny Green | Rajon Rondo | Dwight Howard | Kentavious Caldwell-Pope | Kyle Kuzma | Avery Bradley | Alex Caruso | JaVale McGee | Markieff Morris | Dion Waiters | Talen Horton-Tucker | J.R. Smith | Quinn Cook | Troy Daniels | Devontae Cacok | Jared Dudley | Kostas Antetokounmpo | Zach Norvell
98%
2018-19 LeBron James | Brandon Ingram | Lonzo Ball | Kyle Kuzma | Rajon Rondo | Kentavious Caldwell-Pope | Reggie Bullock | Josh Hart | Jemerrio Jones | JaVale McGee | Alex Caruso | Lance Stephenson | Tyson Chandler | Ivica Zubac | Mike Muscala | Johnathan Williams | Sviatoslav Mykhailiuk | Michael Beasley | Moritz Wagner | Isaac Bonga | Scott Machado | Andre Ingram
96%
2015-16 Kobe Bryant | D'Angelo Russell | Julius Randle | Jordan Clarkson | Lou Williams | Larry Nance | Roy Hibbert | Anthony Brown | Brandon Bass | Nick Young | Ron Artest | Marcelo Huertas | Ryan Kelly | Robert Sacre | Tarik Black
93%
2014-15 Kobe Bryant | Julius Randle | Jordan Clarkson | Nick Young | Jeremy Lin | Vander Blue | Jabari Brown | Wesley Johnson | Jordan Hill | Wayne Ellington | Carlos Boozer | Ryan Kelly | Ed Davis | Ronnie Price | Tarik Black | Dwight Buycks | Robert Sacre | Xavier Henry
93%
2013-14 Kobe Bryant | Pau Gasol | Nick Young | Jodie Meeks | Steve Blake | Kendall Marshall | Wesley Johnson | Kent Bazemore | Ryan Kelly | Jordan Farmar | Xavier Henry | Steve Nash | Shawne Williams | Jordan Hill | Manny Harris | Chris Kaman | Robert Sacre | MarShon Brooks | Elias Harris
93%
2012-13 Kobe Bryant | Pau Gasol | Dwight Howard | Steve Nash | Ron Artest | Steve Blake | Earl Clark | Antawn Jamison | Jodie Meeks | Chris Duhon | Jordan Hill | Darius Morris | Devin Ebanks | Robert Sacre | Andrew Goudelock | Darius Johnson-Odom
93%
2011-12 Kobe Bryant | Pau Gasol | Andrew Bynum | Ron Artest | Derek Fisher | Ramon Sessions | Steve Blake | Matt Barnes | Christian Eyenga | Devin Ebanks | Troy Murphy | Josh McRoberts | Jordan Hill | Andrew Goudelock | Jason Kapono | Darius Morris | Luke Walton
93%
2010-11 Kobe Bryant | Pau Gasol | Andrew Bynum | Derek Fisher | Lamar Odom | Ron Artest | Steve Blake | Matt Barnes | Shannon Brown | Trey Johnson | Luke Walton | Theo Ratliff | Devin Ebanks | Derrick Caracter | Sasha Vujačić | Joe Smith
93%
2009-10 Kobe Bryant | Pau Gasol | Andrew Bynum | Derek Fisher | Lamar Odom | Ron Artest | Shannon Brown | Jordan Farmar | Luke Walton | Josh Powell | Sasha Vujačić | Adam Morrison | Didier Ilunga-Mbenga
93%
2008-09 Kobe Bryant | Pau Gasol | Andrew Bynum | Derek Fisher | Lamar Odom | Trevor Ariza | Jordan Farmar | Luke Walton | Vladimir Radmanović | Sasha Vujačić | Josh Powell | Didier Ilunga-Mbenga | Shannon Brown | Chris Mihm | Adam Morrison | Sun Yue
93%
2007-08 Kobe Bryant | Pau Gasol | Andrew Bynum | Derek Fisher | Lamar Odom | Luke Walton | Vladimir Radmanović | Kwame Brown | Jordan Farmar | Ronny Turiaf | Trevor Ariza | Sasha Vujačić | Maurice Evans | Chris Mihm | Brian Cook | Javaris Crittenton | Didier Ilunga-Mbenga | Ira Newble | Coby Karl
93%
2006-07 Kobe Bryant | Lamar Odom | Luke Walton | Smush Parker | Kwame Brown | Maurice Evans | Andrew Bynum | Vladimir Radmanović | Brian Cook | Jordan Farmar | Ronny Turiaf | Aaron McKie | Sasha Vujačić | Shammond Williams
93%
2005-06 Kobe Bryant | Lamar Odom | Smush Parker | Kwame Brown | Luke Walton | Chris Mihm | Devean George | Brian Cook | Sasha Vujačić | Laron Profit | Aaron McKie | Andrew Bynum | Jim Jackson | Ronny Turiaf | Devin Green | Von Wafer | Stanislav Medvedenko
93%
2003-04 Kobe Bryant | Shaquille O'Neal | Gary Payton | Karl Malone | Devean George | Rick Fox | Derek Fisher | Stanislav Medvedenko | Horace Grant | Kareem Rush | Bryon Russell | Jamal Sampson | Brian Cook | Maurice Carter | Luke Walton | Ime Udoka | Jannero Pargo
93%
2002-03 Kobe Bryant | Shaquille O'Neal | Derek Fisher | Robert Horry | Rick Fox | Devean George | Samaki Walker | Mark Madsen | Brian Shaw | Kareem Rush | Stanislav Medvedenko | Jannero Pargo | Tracy Murray | Soumaila Samake
93%
2001-02 Kobe Bryant | Shaquille O'Neal | Derek Fisher | Rick Fox | Robert Horry | Samaki Walker | Devean George | Lindsey Hunter | Mitch Richmond | Mark Madsen | Brian Shaw | Stanislav Medvedenko | Jelani McCoy | Joe Crispin | Mike Penberthy
93%
2000-01 Kobe Bryant | Shaquille O'Neal | Derek Fisher | Horace Grant | Rick Fox | Ron Harper | Brian Shaw | Robert Horry | Isaiah Rider | Mike Penberthy | Tyronn Lue | Devean George | Mark Madsen | Greg Foster | Stanislav Medvedenko
93%
1999-00 Shaquille O'Neal | Kobe Bryant | Glen Rice | Ron Harper | A.C. Green | Derek Fisher | Robert Horry | Tyronn Lue | Rick Fox | Brian Shaw | John Celestand | Devean George | John Salley | Travis Knight | Sam Jacobson
93%
2004-05 Kobe Bryant | Lamar Odom | Caron Butler | Chucky Atkins | Chris Mihm | Jumaine Jones | Devean George | Brian Grant | Brian Cook | Tierre Brown | Luke Walton | Sasha Vujačić | Stanislav Medvedenko | Vlade Divac | Kareem Rush | Tony Bobbitt
92%
1998-99 Kobe Bryant | Glen Rice | Eddie Jones | Shaquille O'Neal | Dennis Rodman | Derek Harper | Derek Fisher | Rick Fox | Robert Horry | Elden Campbell | J.R. Reid | Travis Knight | Tyronn Lue | Corie Blount | Sean Rooks | Sam Jacobson | Ruben Patterson
92%
1997-98 Eddie Jones | Shaquille O'Neal | Rick Fox | Nick Van Exel | Robert Horry | Kobe Bryant | Elden Campbell | Derek Fisher | Corie Blount | Sean Rooks | Mario Bennett | Jon Barry | Shea Seals
92%
1996-97 Shaquille O'Neal | Eddie Jones | Nick Van Exel | Cedric Ceballos | Elden Campbell | Robert Horry | Jerome Kersey | Byron Scott | Corie Blount | Travis Knight | Kobe Bryant | George McCloud | Derek Fisher | Sean Rooks | Rumeal Robinson | Joe Kleine | Larry Krystkowiak
92%
2017-18 Brandon Ingram | Lonzo Ball | Julius Randle | Kyle Kuzma | Jordan Clarkson | Brook Lopez | Kentavious Caldwell-Pope | Andre Ingram | Isaiah Thomas | Josh Hart | Larry Nance | Channing Frye | Alex Caruso | Travis Wear | Luol Deng | Corey Brewer | Tyler Ennis | Gary Payton | Ivica Zubac | Vander Blue | Andrew Bogut | Nigel Hayes | Thomas Bryant | Derrick Williams
87%
1987-88 Magic Johnson | Kareem Abdul-Jabbar | James Worthy | Michael Cooper | Byron Scott | A.C. Green | Kurt Rambis | Mychal Thompson | Tony Campbell | Wes Matthews | Milt Wagner | Mike Smrek | Ray Tolbert | Billy Thompson | Jeff Lamp
83%
1986-87 Magic Johnson | Kareem Abdul-Jabbar | James Worthy | Michael Cooper | Byron Scott | A.C. Green | Kurt Rambis | Mychal Thompson | Billy Thompson | Frank Brickowski | Wes Matthews | Adrian Branch | Mike Smrek
83%
1985-86 Magic Johnson | Kareem Abdul-Jabbar | James Worthy | Michael Cooper | Byron Scott | A.C. Green | Kurt Rambis | Maurice Lucas | Mitch Kupchak | Mike McGee | Pétur Guðmundsson | Larry Spriggs | Ronnie Lester | Chuck Nevitt | Jerome Henderson
83%
1984-85 Magic Johnson | Kareem Abdul-Jabbar | James Worthy | Jamaal Wilkes | Bob McAdoo | Michael Cooper | Byron Scott | Kurt Rambis | Larry Spriggs | Mike McGee | Mitch Kupchak | Ronnie Lester | Chuck Nevitt | Earl Jones
83%
1983-84 Magic Johnson | Kareem Abdul-Jabbar | James Worthy | Jamaal Wilkes | Bob McAdoo | Michael Cooper | Byron Scott | Kurt Rambis | Swen Nater | Mike McGee | Calvin Garrett | Larry Spriggs | Mitch Kupchak | Eddie Jordan
83%
1982-83 Magic Johnson | Kareem Abdul-Jabbar | James Worthy | Jamaal Wilkes | Norm Nixon | Bob McAdoo | Michael Cooper | Kurt Rambis | Steve Mix | Dwight Jones | Mike McGee | Eddie Jordan | Clay Johnson | Mark Landsberger | Billy Ray Bates | Joe Cooper
83%
1981-82 Magic Johnson | Kareem Abdul-Jabbar | Jamaal Wilkes | Norm Nixon | Bob McAdoo | Michael Cooper | Kurt Rambis | Mitch Kupchak | Mark Landsberger | Jim Brewer | Eddie Jordan | Clay Johnson | Mike McGee | Kevin McKenna
83%
1980-81 Magic Johnson | Kareem Abdul-Jabbar | Jamaal Wilkes | Norm Nixon | Michael Cooper | Jim Chones | Eddie Jordan | Mark Landsberger | Jim Brewer | Butch Carter | Brad Holland | Tony Jackson | Alan Hardy | Myles Patrick
83%
1979-80 Magic Johnson | Kareem Abdul-Jabbar | Jamaal Wilkes | Norm Nixon | Michael Cooper | Spencer Haywood | Jim Chones | Ron Boone | Mark Landsberger | Kenny Carr | Don Ford | Marty Byrnes | Ollie Mack | Brad Holland | Butch Lee
83%
1988-89 Magic Johnson | Kareem Abdul-Jabbar | James Worthy | Michael Cooper | Byron Scott | A.C. Green | Mychal Thompson | Orlando Woolridge | Tony Campbell | David Rivers | Mark McNamara | Jeff Lamp
82%
2016-17 D'Angelo Russell | Brandon Ingram | Julius Randle | Jordan Clarkson | Lou Williams | Luol Deng | Nick Young | Larry Nance | Timofey Mozgov | David Nwaba | Tyler Ennis | Tarik Black | Ivica Zubac | Corey Brewer | José Calderón | Thomas Robinson | Marcelo Huertas | Ron Artest
80%
1989-90 Magic Johnson | James Worthy | Michael Cooper | Byron Scott | A.C. Green | Vlade Divac | Mychal Thompson | Orlando Woolridge | Larry Drew | Jay Vincent | Mark McNamara | Mel McCants | Steve Bucknall | Mike Higgins | Jawann Oldham
80%
1995-96 Magic Johnson | Nick Van Exel | Cedric Ceballos | Elden Campbell | Vlade Divac | Eddie Jones | Anthony Peeler | Sedale Threatt | George Lynch | Corie Blount | Derek Strong | Fred Roberts | Anthony Miller | Frankie King
79%
1990-91 Magic Johnson | James Worthy | Byron Scott | A.C. Green | Sam Perkins | Vlade Divac | Mychal Thompson | Elden Campbell | Terry Teagle | Tony Smith | Larry Drew | Irving Thomas | Tony Brown
79%
1978-79 Kareem Abdul-Jabbar | Jamaal Wilkes | Norm Nixon | Adrian Dantley | Michael Cooper | Lou Hudson | Don Ford | Ron Boone | Jim Price | Kenny Carr | Dave Robisch | Brad Davis | Ron Carter
78%
1977-78 Kareem Abdul-Jabbar | Jamaal Wilkes | Norm Nixon | Adrian Dantley | Lou Hudson | James Edwards | Kermit Washington | Charlie Scott | Earl Tatum | Don Ford | Tom Abernethy | Don Chaney | Kenny Carr | Ernie DiGregorio | Dave Robisch | Brad Davis
78%
1976-77 Kareem Abdul-Jabbar | Cazzie Russell | Lucius Allen | Don Chaney | Kermit Washington | Don Ford | Tom Abernethy | Earl Tatum | Mack Calvin | Bo Lamar | Johnny Neumann | Cornell Warner | C.J. Kupec | Allen Murphy | Marv Roberts
77%
1975-76 Kareem Abdul-Jabbar | Gail Goodrich | Cazzie Russell | Lucius Allen | Cornell Warner | Don Ford | Corky Calhoun | Donnie Freeman | Ron Williams | Stu Lantz | Kermit Washington | Pat Riley | Cliff Meely | Walt Wesley | Jim McDaniels | John Roche | C.J. Kupec
77%
1971-72 Jerry West | Elgin Baylor | Wilt Chamberlain | Gail Goodrich | Happy Hairston | Jim McMillian | Keith Erickson | Flynn Robinson | Leroy Ellis | Pat Riley | John Trapp | Jim Cleamons
75%
1970-71 Jerry West | Elgin Baylor | Wilt Chamberlain | Gail Goodrich | Happy Hairston | Jim McMillian | Keith Erickson | Willie McCarter | Rick Roberson | Fred Hetzel | Pat Riley | John Tresvant | Earnie Killum
75%
1969-70 Jerry West | Elgin Baylor | Wilt Chamberlain | Happy Hairston | Dick Garrett | Mel Counts | Rick Roberson | Keith Erickson | Bill Hewitt | Johnny Egan | Willie McCarter | John Tresvant | Mike Lynn
75%
1968-69 Jerry West | Elgin Baylor | Wilt Chamberlain | Keith Erickson | Mel Counts | Johnny Egan | Freddie Crawford | Tom Hawkins | Bill Hewitt | Cliff Anderson | Jay Carty
75%
1967-68 Jerry West | Elgin Baylor | Gail Goodrich | Darrall Imhoff | Archie Clark | Mel Counts | Erwin Mueller | Tom Hawkins | Freddie Crawford | Jim Barnes | John Wetzel | Dennis Hamilton | Cliff Anderson
74%
1966-67 Jerry West | Elgin Baylor | Gail Goodrich | Rudy LaRusso | Darrall Imhoff | Archie Clark | Walt Hazzard | Mel Counts | Tom Hawkins | Jim Barnes | Jerry Chambers | John Block | Hank Finkel
74%
1964-65 Jerry West | Elgin Baylor | Rudy LaRusso | Dick Barnett | Darrall Imhoff | Walt Hazzard | Leroy Ellis | Gene Wiley | Jim King | Cotton Nash | Don Nelson | Bill McGill | Jerry Grote
74%
1963-64 Jerry West | Elgin Baylor | Rudy LaRusso | Dick Barnett | Gene Wiley | Leroy Ellis | Don Nelson | Frank Selvy | Jim Krebs | Jim King | Hub Reed | Mel Gibson
74%
1962-63 Jerry West | Elgin Baylor | Rudy LaRusso | Dick Barnett | Frank Selvy | Hot Rod Hundley | Jim Krebs | Leroy Ellis | Gene Wiley | Howie Jolliff | Ron Horn
74%
1961-62 Jerry West | Elgin Baylor | Rudy LaRusso | Frank Selvy | Hot Rod Hundley | Jim Krebs | Tom Hawkins | Ray Felix | Howie Jolliff | Bob Sims | Bob McNeill | Wayne Yates | Bobby Smith
74%
1960-61 Jerry West | Elgin Baylor | Rudy LaRusso | Frank Selvy | Hot Rod Hundley | Tom Hawkins | Jim Krebs | Ray Felix | Slick Leonard | Gary Alcorn | Howie Jolliff | Ron Johnson
74%
1965-66 Jerry West | Elgin Baylor | Gail Goodrich | Rudy LaRusso | Darrall Imhoff | Bob Boozer | Walt Hazzard | Leroy Ellis | Gene Wiley | Jim King | John Fairchild
73%
1972-73 Jerry West | Wilt Chamberlain | Gail Goodrich | Happy Hairston | Jim McMillian | Bill Bridges | Keith Erickson | Leroy Ellis | Pat Riley | Jim Price | Mel Counts | Flynn Robinson | John Trapp | Bill Turner | Roger Brown | Travis Grant
69%
1993-94 James Worthy | Nick Van Exel | Vlade Divac | Anthony Peeler | Elden Campbell | Sedale Threatt | Trevor Wilson | George Lynch | Doug Christie | Sam Bowie | Tony Smith | Kurt Rambis | Reggie Jordan | James Edwards | Danny Schayes | Antonio Harvey
63%
1992-93 James Worthy | Byron Scott | A.C. Green | Sam Perkins | Vlade Divac | Sedale Threatt | Anthony Peeler | Elden Campbell | Doug Christie | Tony Smith | James Edwards | Benoit Benjamin | Duane Cooper | Alex Blackwell
63%
1991-92 James Worthy | Byron Scott | A.C. Green | Sam Perkins | Vlade Divac | Elden Campbell | Sedale Threatt | Cliff Robinson | Terry Teagle | Tony Smith | Rory Sparrow | Chucky Brown | Demetrius Calip | Jack Haley | Keith Owens
63%
1973-74 Jerry West | Gail Goodrich | Connie Hawkins | Happy Hairston | Elmore Smith | Jim Price | Bill Bridges | Pat Riley | Stan Love | Mel Counts | Kermit Washington | Nate Hawthorne | Travis Grant
63%
1949-50 George Mikan | Vern Mikkelsen | Jim Pollard | Slater Martin | Herm Schaefer | Bob Harrison | Arnie Ferrin | Don Carlson | Normie Glick | Bud Grant | Billy Hassett | Tony Jaros | Gene Stump | Paul Walther
59%
1959-60 Elgin Baylor | Rudy LaRusso | Dick Garmaker | Hot Rod Hundley | Larry Foust | Frank Selvy | Slick Leonard | Ray Felix | Tom Hawkins | Jim Krebs | Steve Hamilton | Ed Fleming | Boo Ellis | Bobby Smith | Ron Sobie | Nick Mantis | Chuck Share
58%
1951-52 George Mikan | Vern Mikkelsen | Jim Pollard | Slater Martin | Pep Saul | Whitey Skoog | Bob Harrison | Howie Schultz | Lew Hitch | Joe Hutton | John Pilch
58%
1950-51 George Mikan | Vern Mikkelsen | Jim Pollard | Slater Martin | Bob Harrison | Arnie Ferrin | Ed Beach | Bud Grant | Joe Hutton | Tony Jaros | Kevin O'Shea
58%
1958-59 Elgin Baylor | Vern Mikkelsen | Dick Garmaker | Larry Foust | Hot Rod Hundley | Slick Leonard | Jim Krebs | Boo Ellis | Ed Fleming | Steve Hamilton
57%
1953-54 George Mikan | Vern Mikkelsen | Jim Pollard | Slater Martin | Clyde Lovellette | Pep Saul | Whitey Skoog | Bob Harrison | Jim Holstein | Dick Schnittker | Jim Fritsche
57%
1952-53 George Mikan | Vern Mikkelsen | Jim Pollard | Slater Martin | Pep Saul | Whitey Skoog | Bob Harrison | Jim Holstein | Lew Hitch | Howie Schultz
57%
1994-95 Nick Van Exel | Vlade Divac | Cedric Ceballos | Eddie Jones | Elden Campbell | Sedale Threatt | Lloyd Daniels | Anthony Peeler | Sam Bowie | George Lynch | Tony Smith | Randolph Keys | Anthony Miller | Antonio Harvey | Kurt Rambis | Lester Conner
52%
1955-56 George Mikan | Vern Mikkelsen | Slater Martin | Clyde Lovellette | Dick Garmaker | Whitey Skoog | Dick Schnittker | Ed Kalafat | Lew Hitch | Chuck Mencel | Bob Williams | Ron Feiereisel | Johnny Horan | Jim Holstein
45%
1974-75 Gail Goodrich | Happy Hairston | Connie Hawkins | Cazzie Russell | Jim Price | Lucius Allen | Elmore Smith | Stu Lantz | Corky Calhoun | Brian Winters | Pat Riley | Bill Bridges | Zelmo Beaty | Kermit Washington | Stan Love
41%
1956-57 Vern Mikkelsen | Clyde Lovellette | Dick Garmaker | Whitey Skoog | Slick Leonard | Walter Dukes | Chuck Mencel | Ed Kalafat | Jim Paxson | Dick Schnittker | Bob Williams
20%
1957-58 Vern Mikkelsen | Dick Garmaker | Larry Foust | Hot Rod Hundley | Frank Selvy | Slick Leonard | Ed Fleming | Bo Erias | Art Spoelstra | Dick Schnittker | Jim Krebs | Corky Devlin | Bob Burrow | McCoy Ingram | George Brown
19%
1954-55 Vern Mikkelsen | Jim Pollard | Slater Martin | Clyde Lovellette | Whitey Skoog | Dick Schnittker | Jim Holstein | Ed Kalafat | Bob Carney | Don Sunderlage | Lew Hitch | Bobby Watson
18%
No matching quizzes found
Score Distribution
Percent of People with Each Score
Percentile by Number Answered
Your Score History
You have not taken this quiz since the last reset